004820000a22001450004500090001700000245011300017041001300130700002900143700003500172700003100207100002900238942001300267773003900280999001700319 aASbSeriadas10aDiversity and habitat differentiation of mosses and liverworts in the cloud forest of Monteverde, Costa Rica0 aInglés1 aGriffin III. Dana9139101 aMorales, María Isabel9992761 aNadkarni, Nalini M.9939351 aGradstein, S. Rob993826 cARTICULO1 tCaldasia345h1q203-212d2001g23 c14603d14603